| 000 | 00737nam a2200229 a 4500 | ||
|---|---|---|---|
| 001 | 000024360 | ||
| 005 | 20200930022938.0 | ||
| 008 | 110126s1993 mx r 000 | spa d | ||
| 020 | _a968622971x | ||
| 040 |
_aDO-SdBNP _bspa _cBNPHU |
||
| 082 |
_aMe860.9 _bC346a |
||
| 100 | 1 |
_aCastañón, Adolfo, _d1952- _912646 |
|
| 245 | 1 | 3 |
_aArbitrario de literatura mexicana / _cAdolfo Castañón. |
| 260 |
_aMéxico, D.F. : _bVuelta, _c1993. |
||
| 300 |
_a602 p. ; _c22 cm. |
||
| 490 | 1 |
_aLa Reflexión. Paseos _v1 |
|
| 500 | _aIncluye índice onomástico y general | ||
| 650 | 4 |
_aLiteratura mexicana _xHistoria y crítica _99844 |
|
| 650 | 4 |
_aLiteratura mexicana _ySIGLO XX _99216 |
|
| 830 | 3 |
_aLa Reflexión. Paseos; _v1 _949961 |
|
| 049 | _aBNRG | ||
| 999 |
_c23853 _d23853 |
||